Rabindranath Tagore, soñador de esperanzas /

Guardado en:
Detalles Bibliográficos
Autor principal: Ferrari, Germán (autor)
Formato: Libro
Idioma:Español
Publicado: Buenos Aires, Argentina : Longseller, 2001, c2001
Colección:(Biografías e Ideas)
Temas:
Etiquetas: Agrega una etiqueta
Sin etiquetas, Sé el primero en etiquetar este registro!

MARC

LEADER 00000nam^a2200000^a^4500
001 000632176
005 20260521000000.0
009 20260526154617.982
020 |a 987-9481-59-3 
037 |a Acervo Xavier Clavigero 
041 |a ESP 
082 |a 891. 44  |b FER 
100 |a Ferrari, Germán  |e (autor) 
245 1 0 |a Rabindranath Tagore, soñador de esperanzas /  |c G. Ferrari. 
264 4 |a Buenos Aires, Argentina :  |b Longseller,  |c 2001, c2001 
300 |a 159 p. 
336 |a texto  |b txt  |2 rdacontenido 
337 |a sin mediación  |b n  |2 rdamedio 
338 |a volumen  |b nc  |2 rdasoporte 
440 1 |a (Biografías e Ideas) 
585 |a Exposición DIA 2022-08/09 / Pa(i)sajes transformadores de esperanza 
586 |a Premio Nobel de Literatura 1913: Biografías, crítica e intepretación 
649 |a XX 
650 |a Escritores Bengalíes -  |x Biografías 
650 |a Escritores Hindúes -  |x Biografías 
650 |a Literatura Bengalí -  |x Historia y Crítica -  |x Tema Principal 
650 |a Literatura Bengalí -  |y Siglo XIX 
650 |a Literatura Bengalí -  |y Siglo XX 
650 |a Literatura Hindú -  |x Historia y Crítica 
650 |a Literatura Hindú -  |y Siglo XIX 
650 |a Literatura Hindú -  |y Siglo XX 
650 |a Tagore, Rabindranath -  |x Tema Principal 
910 |a Fondo General 
920 |a Impresos - Libros 
930 |a Colección General 
940 |a Literatura 
905 |a 101 
901 |a 071429  |b IT1  |c LIT  |i 071429  |u 20260521 
902 |a https://opac.biblio.iteso.mx/vufind/Record/000632176